Carnet de vol. (Record no. 1349)

MARC details
000 -LEADER
fixed length control field 00562cam a22002171 4500
001 - CONTROL NUMBER
control field af 47001691
003 - CONTROL NUMBER IDENTIFIER
control field DLC
005 - DATE AND TIME OF LATEST TRANSACTION
control field 20260227110809.0
008 - FIXED-LENGTH DATA ELEMENTS--GENERAL INFORMATION
fixed length control field 841214s1944 fr 000 0 fre c
010 ## - LIBRARY OF CONGRESS CONTROL NUMBER
LC control number af 47001691
035 ## - SYSTEM CONTROL NUMBER
System control number (OCoLC)11495154
040 ## - CATALOGING SOURCE
Original cataloging agency New York Public Library
Transcribing agency MCM
Modifying agency DLC
042 ## - AUTHENTICATION CODE
Authentication code premarc
050 00 - LIBRARY OF CONGRESS CALL NUMBER
Classification number TL540.L33
Item number L3
082 ## - DEWEY DECIMAL CLASSIFICATION NUMBER
Classification number 926.2913
100 1# - MAIN ENTRY--PERSONAL NAME
Personal name Labric, Roger,
Dates associated with a name 1893-
245 10 - TITLE STATEMENT
Title Carnet de vol.
260 ## - PUBLICATION, DISTRIBUTION, ETC.
Place of publication, distribution, etc. Paris,
Name of publisher, distributor, etc. Éditions du Pavois
Date of publication, distribution, etc. [1944]
300 ## - PHYSICAL DESCRIPTION
Extent 317 p.
Dimensions 19 cm.
600 10 - SUBJECT ADDED ENTRY--PERSONAL NAME
Personal name Laurent, Pierre, 1896 or 7-

No items available.

Powered by Koha